00444 2200181 4500001002100000008004100021035001900062245003200081100000700113260002900120300002600149020002100175084001300196082000700209650001200216990001700228990001700245INLIS000000000016403 Ind $a 0010-0525000066$a Rumah adat negeriku / $c Nia$a Nia$b Media Akselerasi $c 2021 $a 24 hlm. ; $c 28x20 cm.$a 978-623-98239-7-9$a 729 Nia r$a 729$a Interior$a 35339/bt/2024$a 35340/bt/2024